000 01183nam a22002537a 4500
005 20170124102937.0
010 _a206646
020 _c06.00
035 _a206646
037 _bCen Lib/Ret
040 _aDPL
_bHN
082 _a824
_bउपाध्या
100 _aउपाध्याय, भगवतशरण
_940
245 _aसाहित्य और कला :
_cभगवतशरण उपाध्याय
_bविचारोत्तेजक साहित्यिक निबन्ध-संग्रह /
246 _aSahitye aur kala : vicharottejak sahityik nibandh-sangreh /
_bby Bhagwatsharan Upadhyay
260 _aदिल्ली
_bआत्मा राम एंड संस
_c1960
270 _aकश्मीरी गेट
_bदिल्ली
_e110006
300 _a203पृ.
_c21सेमी (सजिल्द)
650 _aहिन्दी -- साहित्य
_947092
650 _aहिन्दी -- साहित्य और कला
_947093
650 _aHindi - literature
_947094
650 _aHindi - Literature and Art
_947095
942 _2ddc
_cHN
_h824
_mउपाध्या
999 _c112369
_d112369